साइंस के 101 प्रोजेक्ट्स / (Record no. 27864)
[ view plain ]
| 000 -LEADER | |
|---|---|
| fixed length control field | 01293nam a22002657a 4500 |
| 005 - DATE AND TIME OF LATEST TRANSACTION | |
| control field | 20090624154652.0 |
| 008 - FIXED-LENGTH DATA ELEMENTS--GENERAL INFORMATION | |
| fixed length control field | 090131t xxu||||| |||| 00| 0 hin d |
| 010 ## - LCCN (DPL NO) | |
| LC control number | HIN-87077 |
| 020 ## - INTERNATIONAL STANDARD BOOK NUMBER | |
| International Standard Book Number | 9788186504376 |
| Terms of availability | 200.00 |
| 035 ## - SYSTEM CONTROL NUMBER | |
| System control number | HN-59423 |
| 037 ## - SOURCE OF ACQUISITION | |
| Source of stock number/acquisition | DBAD / PUB |
| 040 ## - CATALOGING SOURCE | |
| Original cataloging agency | dpl |
| Language of cataloging | hn |
| 082 ## - DEWEY DECIMAL CLASSIFICATION NUMBER | |
| Classification number | 507.8 |
| 100 ## - MAIN ENTRY--PERSONAL NAME | |
| Personal name | राहुल कुमार |
| 245 ## - TITLE STATEMENT | |
| Title | साइंस के 101 प्रोजेक्ट्स / |
| Statement of responsibility, etc | राहुल कुमार |
| 246 ## - VARYING FORM OF TITLE | |
| Remainder of title | by Rahul Kumar |
| Title proper/short title | Science ke 101 projects |
| 260 ## - PUBLICATION, DISTRIBUTION, ETC. (IMPRINT) | |
| Place of publication, distribution, etc | दिल्ली |
| Name of publisher, distributor, etc | एच.के.बुक्स |
| Date of publication, distribution, etc | 2008 |
| 270 ## - ADDRESS | |
| Address | शिव मार्किट, न्यू चन्द्रावल, जवाहर नगर |
| City | दिल्ली |
| Postal code | 110007 |
| 300 ## - PHYSICAL DESCRIPTION | |
| Extent | 136पृ |
| Dimensions | 24सेमी (सजिल्द) |
| Other physical details | सचित्र |
| 650 ## - SUBJECT ADDED ENTRY--TOPICAL TERM | |
| Topical term or geographic name as entry element | विज्ञान |
| General subdivision | अध्ययन एवं अध्यापन |
| 650 ## - SUBJECT ADDED ENTRY--TOPICAL TERM | |
| Topical term or geographic name as entry element | Science |
| General subdivision | Study and teaching |
| 942 ## - ADDED ENTRY ELEMENTS (KOHA) | |
| Source of classification or shelving scheme | Dewey Decimal Classification |
| Item type | Hindi Books |
| Call number suffix | राहुल |
| Classification part | 507.8 |
| Withdrawn status | Lost status | Source of classification or shelving scheme | Damaged status | Not for loan | Home library | Current library | Date acquired | Source of acquisition | Cost, normal purchase price | Total Checkouts | Full call number | Barcode | Date last seen | Copy number | Cost, replacement price | Koha item type |
|---|---|---|---|---|---|---|---|---|---|---|---|---|---|---|---|---|
| Dewey Decimal Classification | Not For Loan | D.B.Act.Division | D.B.Act.Division | 24/06/2009 | DBAD / PUB | 200.00 | 507.8 राहुल | HN-59423 | 24/06/2009 | 1 | 200.00 | Hindi Books |
